Fahrenheit 451: novela / Ray Bradbury

Novela de ciencia ficción, que gira en torno a una sociedad estadounidense distópica, en la cual los libros representan un objeto prohibido para el ser humano, por lo que deben ser quemados por los “bomberos”, sin embargo, uno de ellos decide profundizar e investigar sobre las obras literarias que d...

ver descrição completa

Na minha lista:
Detalhes bibliográficos
Autor principal: Bradbury, Ray
Formato: Livro
Idioma:Undetermined
Publicado em: Barcelona, España Plaza & Janes 1967
Assuntos:
Tags: Adicionar Tag
Sem tags, seja o primeiro a adicionar uma tag!

MARC

LEADER 00000nam a2200000Ia 4500
008 170316s9999 xx 000 0 und d
040 |a cru BVZT 
090 |a F-810 B-20f 
100 |a Bradbury, Ray 
245 |a Fahrenheit 451: novela / Ray Bradbury 
260 |a Barcelona, España 
260 |b Plaza & Janes 
260 |c 1967 
300 |a 187 páginas 
520 |a Novela de ciencia ficción, que gira en torno a una sociedad estadounidense distópica, en la cual los libros representan un objeto prohibido para el ser humano, por lo que deben ser quemados por los “bomberos”, sin embargo, uno de ellos decide profundizar e investigar sobre las obras literarias que debe destruir. Fahrenheit 451,escrito originalmente en 1953 por Ray Bradbury, es conocida por ser una de sus obras maestras y una de las mayores exponentes de la ficción filosófica de la mitad del siglo pasado. 
650 |a LITERATURA ESTADOUNIDENSE  |9 25 
650 |a FICCIÓN  |9 26 
999 |c 28709  |d 28709 
942 |c 15 D  |h F-810 B-20f  |2 z